Catalog

Record Details

Catalog Search



Přelet  Cover Image Book Book

Přelet / Jiří Stránský

Record details

  • ISBN: 80-86026-12-4
  • Physical Description: 123 s. ; 23 cm
  • Edition: 1. vyd.
  • Publisher: Havlíčkův Brod : Hejkal, 2001
Genre: české romány
Czech fiction

Available copies

  • 1 of 1 copy available at Common Catalog SPOK.

Holds

  • 0 current holds with 1 total copy.
Show Only Available Copies
Location Call Number / Copy Notes Barcode Shelving Location Status Due Date
The Jewish community of Prague K 2335 4638301495 K - Beletrie Available -

Electronic resources

Version of Resource: Digitalizovaný dokument


LDR 00919nam a2200289 a 4500
00153354
003CZ-PrJAB
00520010726000000.0
007tu
008010719s2001 xr e 000 1 cze
015 . ‡acnb001004877
020 . ‡a80-86026-12-4 ‡q(brož.)
035 . ‡a(CZ PrNK)cpk20011004877
035 . ‡a(OCoLC)48774095
040 . ‡aABA001 ‡bcze
072 7. ‡a821.162.3-3 ‡xČeská próza ‡2Konspekt ‡925
080 . ‡a821.162.3-31 ‡2MRF
1001 . ‡aStránský, Jiří, ‡d1931-2019 ‡7jk01121359 ‡4aut
24510. ‡aPřelet / ‡cJiří Stránský
250 . ‡a1. vyd.
260 . ‡aHavlíčkův Brod : ‡bHejkal, ‡c2001
300 . ‡a123 s. ; ‡c23 cm
655 7. ‡ačeské romány ‡7fd133974 ‡2czenas
655 9. ‡aCzech fiction ‡2eczenas
85641. ‡uhttp://krameriusndk.nkp.cz/search/handle/uuid:c6de9380-e209-11ea-87fa-005056827e52 ‡yDigitalizovaný dokument
910 . ‡aABE461
995 . ‡aska
901 . ‡a53354 ‡bAUTOGEN ‡c53354 ‡tbiblio

Additional Resources